000 00456nam a22001577a 4500
005 20251108165207.0
008 250721s1974 xx 000 0 ara d
082 1 4 _a595.7/أسا
100 1 _aحماد، شاكر محمد
245 1 0 _aأساسيات علم الحشرات /
264 1 _aالإسكندرية :
_bدار المطبوعات الجديدة،
_c1974.
300 _a295ص
650 1 7 _aالحشرات
942 _2ddc
_cBK
999 _c21786
_d21786